Properties of hot luminous stars (Record no. 9847)

MARC details
000 -LEADER
fixed length control field 00698nam a2200205Ia 4500
003 - CONTROL NUMBER IDENTIFIER
control field IN-BaIIA
008 - FIXED-LENGTH DATA ELEMENTS--GENERAL INFORMATION
fixed length control field 211028s9999 xx 000 0 eng d
020 ## - INTERNATIONAL STANDARD BOOK NUMBER
International Standard Book Number 0-937707-24-4
040 ## - CATALOGING SOURCE
Transcribing agency IIA Library
080 ## - UNIVERSAL DECIMAL CLASSIFICATION NUMBER
Universal Decimal Classification number 082.2:52
Item number ASP-7
245 #0 - TITLE STATEMENT
Title Properties of hot luminous stars
Remainder of title Boulder-Munich workshop
Statement of responsibility, etc. edited by Catharine D. Dickens
260 ## - PUBLICATION, DISTRIBUTION, ETC.
Place of publication, distribution, etc. San Francisco
Name of publisher, distributor, etc. Astronomical Society of the Pacific
Date of publication, distribution, etc. 1990
300 ## - PHYSICAL DESCRIPTION
Extent xx, 362p.
490 ## - SERIES STATEMENT
Series statement ASP conference series; v. 7
650 ## - SUBJECT ADDED ENTRY--TOPICAL TERM
Topical term or geographic name entry element Astronomy and Astrophysics Thesaurus
650 ## - SUBJECT ADDED ENTRY--TOPICAL TERM
Topical term or geographic name entry element Luminous stars
9 (RLIN) 12101
650 ## - SUBJECT ADDED ENTRY--TOPICAL TERM
Topical term or geographic name entry element Supergiant stars
9 (RLIN) 6992
700 ## - ADDED ENTRY--PERSONAL NAME
Personal name Garmany, Catharine D., ed.
9 (RLIN) 16685
942 ## - ADDED ENTRY ELEMENTS (KOHA)
Koha item type Books
Holdings
Withdrawn status Lost status Damaged status Not for loan Home library Current library Shelving location Date acquired Total Checkouts Full call number Barcode Date last seen Price effective from Koha item type Purchase Price
        IIA Library-Bangalore IIA Library-Bangalore General Stacks     082.2:52/ ASP-7 10757 05/11/2021   Books 77.6

Powered by Koha